000 00658nam a2200241 a 4500
999 _c12397
_d12397
001 12397
003 BD-JhCC
005 20220203085331.0
008 220203t2006 as |||| ||a| 000 0 eng d
035 _a(BD-JhCC)12397
040 _aBD-JhCC
_dBD-JhCC
041 _aenglish
082 _a174.40882971
_bBEE 2006
100 _aBeekun, Rafik Issa
245 _aIslamic Business Ethics /
_cRafik Issa Beekun.
260 _aUSA :
_bInternational Institute of Islamic Thought;
_c2006.
300 _a84 p. :
_c22 cm.
490 _aHuman Development Serics No-2
650 _aBusiness ethics
650 _aIslamic ethics
942 _2ddc
_cBK